[Event "ITA-ch sf 82nd"]
[Site "Villesse"]
[Date "2023.07.18"]
[Round "5"]
[White "Perossa, Nicolas"]
[Black "Palozza, Christian"]
[Result "1-0"]
[WhiteElo "2244"]
[BlackElo "2270"]
[PlyCount "65"]
[EventDate "2023.07.15"]
[EventType "swiss"]
[EventRounds "9"]
[EventCountry "ITA"]
[SourceTitle "CBM 215 Extra"]
[Source "ChessBase"]
[SourceDate "2023.09.30"]
[SourceVersion "1"]
[SourceVersionDate "2023.09.30"]
[SourceQuality "1"]

1. e4 e5 2. Nf3 Nc6 3. Bc4 Bc5 4. c3 Nf6 5. d3 0-0 6. 0-0 d5 7. exd5 Nxd5 8. Re1 Bg4 9. h3 Bh5 10. Nbd2 Nb6 11. Bb5 Bd6 12. Ne4 f5 13. Ng3 Bxf3 14. Qxf3 Qd7 15. d4 e4 16. Qd1 a6 17. Bf1 Rae8 18. a4 e3 19. Nh1 exf2+ 20. Nxf2 Kh8 21. Rxe8 Rxe8 22. Bd2 Ne7 23. Qf3 c6 24. Nd3 Ng6 25. a5 Nd5 26. Re1 Rxe1 27. Bxe1 Nf6 28. Bg3 Ne7 29. Bxd6 Qxd6 30. Nc5 Qc7 31. Qe3 f4 32. Qe5 Ned5 33. c4 1-0

[Event "Paphos op 1st"]
[Site "Paphos"]
[Date "2023.04.10"]
[Round "5"]
[White "Palozza, Christian"]
[Black "Giannoulakis, Labros"]
[Result "0-1"]
[WhiteElo "2273"]
[BlackElo "2352"]
[PlyCount "74"]
[EventDate "2023.04.07"]
[EventType "swiss"]
[EventRounds "9"]
[EventCountry "CYP"]
[SourceTitle "CBM 213 Extra"]
[Source "ChessBase"]
[SourceDate "2023.05.31"]
[SourceVersion "1"]
[SourceVersionDate "2023.05.31"]
[SourceQuality "1"]

1. d4 Nf6 2. c4 e6 3. g3 d5 4. Bg2 Bb4+ 5. Nd2 0-0 6. Ngf3 c6 7. 0-0 b6 8. Qc2 Bb7 9. e4 Na6 10. a3 Be7 11. b4 c5 12. exd5 exd5 13. dxc5 bxc5 14. b5 Nc7 15. Ne5 Ne6 16. Nb3 Qc7 17. Re1 a6 18. cxd5 Nxd5 19. bxa6 Rxa6 20. Bb2 Nf6 21. Bxb7 Qxb7 22. Nd2 Ng5 23. h4 Nh3+ 24. Kf1 c4 25. Ndxc4 Bc5 26. f3 Qc8 27. Re2 Nh5 28. Kg2 N3f4+ 29. gxf4 Nxf4+ 30. Kh1 Nxe2 31. Qxe2 Rh6 32. Qh2 Qf5 33. Qg3 f6 34. Qg4 fxe5 35. Nxe5 Qxg4 36. Nxg4 Rxh4+ 37. Kg2 Rxg4+ 0-1

[Event "ITA-ch sf 81st"]
[Site "Acqui Terme"]
[Date "2022.06.17"]
[Round "7"]
[White "Paduano, Claudio"]
[Black "Palozza, Christian"]
[Result "0-1"]
[WhiteElo "2138"]
[BlackElo "2284"]
[PlyCount "80"]
[EventDate "2022.06.12"]
[EventType "swiss"]
[EventRounds "9"]
[EventCountry "ITA"]
[SourceTitle "CBM 208 Extra"]
[Source "ChessBase"]
[SourceDate "2022.07.31"]
[SourceVersion "1"]
[SourceVersionDate "2022.07.31"]
[SourceQuality "1"]

1. d4 Nf6 2. c4 e6 3. Nf3 d5 4. Nc3 Be7 5. Bg5 0-0 6. e3 h6 7. Bh4 Ne4 8. Bxe7 Qxe7 9. Rc1 c6 10. Bd3 Nxc3 11. Rxc3 Nd7 12. cxd5 exd5 13. 0-0 Nf6 14. Ne5 Ne4 15. Bxe4 dxe4 16. f3 exf3 17. Qxf3 Be6 18. a3 Qd6 19. Rc2 f6 20. Ng6 Rfe8 21. Nf4 Bf7 22. Re1 a5 23. Rd2 Ra6 24. e4 Rb6 25. Qf2 Rb5 26. a4 Rg5 27. h4 Rg4 28. e5 Qc7 29. Qf3 h5 30. Rde2 fxe5 31. Rxe5 Rxe5 32. Rxe5 Qd8 33. Qe3 Qxh4 34. Ne2 Qe1+ 35. Kh2 Rh4+ 36. Qh3 Rxh3+ 37. Kxh3 Qb4 38. Kh4 Qxb2 39. g3 Qa3 40. Nf4 Qxa4 0-1

[Event "ITA-ch sf 81st"]
[Site "Acqui Terme"]
[Date "2022.06.14"]
[Round "4"]
[White "Lettieri, Giuseppe"]
[Black "Palozza, Christian"]
[Result "1-0"]
[WhiteElo "2445"]
[BlackElo "2284"]
[PlyCount "91"]
[EventDate "2022.06.12"]
[EventType "swiss"]
[EventRounds "9"]
[EventCountry "ITA"]
[SourceTitle "CBM 208 Extra"]
[Source "ChessBase"]
[SourceDate "2022.07.31"]
[SourceVersion "1"]
[SourceVersionDate "2022.07.31"]
[SourceQuality "1"]

1. Nf3 Nf6 2. g3 d5 3. Bg2 e6 4. 0-0 c5 5. c4 d4 6. e3 Nc6 7. exd4 cxd4 8. d3 Bd6 9. Re1 0-0 10. a3 a5 11. Nbd2 Re8 12. Rb1 h6 13. Nh4 g5 14. Nhf3 e5 15. h4 g4 16. Nh2 Kh7 17. h5 Rg8 18. b4 axb4 19. axb4 Nxb4 20. c5 Bxc5 21. Rxe5 Bd6 22. Rb5 Na2 23. Ne4 Nxc1 24. Qxc1 Be6 25. Rxb7 Rc8 26. Qb2 Nxh5 27. Nf1 Bf8 28. Qb5 Nf6 29. Qe5 Bg7 30. Nd6 Rc7 31. Nxf7 Rxf7 32. Qxe6 Rxb7 33. Rxb7 Re8 34. Qf7 Rg8 35. Nd2 Kh8 36. Ne4 Nxe4 37. Bxe4 Qg5 38. Re7 Rf8 39. Re8 Qc5 40. Qg6 Kg8 41. Re6 Qc1+ 42. Kg2 Qd2 43. Qh7+ Kf7 44. Re5 Qd1 45. Bd5+ Kf6 46. Qf5# 1-0

[Event "ITA-ch U20 80th"]
[Site "Chianciano Terme"]
[Date "2021.12.11"]
[Round "7"]
[White "Palozza, Christian"]
[Black "Bin Suhayl, Ieysaa"]
[Result "1-0"]
[WhiteElo "2275"]
[BlackElo "2142"]
[PlyCount "83"]
[EventDate "2021.12.04"]
[EventType "tourn"]
[EventRounds "7"]
[EventCountry "ITA"]
[EventCategory "1"]
[SourceTitle "CBM 205 Extra"]
[Source "ChessBase"]
[SourceDate "2022.01.31"]
[SourceVersion "1"]
[SourceVersionDate "2022.01.31"]
[SourceQuality "1"]

1. d4 Nf6 2. c4 e6 3. g3 d5 4. Bg2 Be7 5. Nf3 0-0 6. 0-0 dxc4 7. Qc2 a6 8. a4 Bd7 9. Qxc4 Bc6 10. Bf4 Bd6 11. Nc3 Bxf4 12. gxf4 a5 13. e3 Na6 14. Qe2 Nb4 15. Rac1 Qe7 16. e4 Nh5 17. Qe3 Qf6 18. f5 exf5 19. d5 f4 20. Qd4 Qxd4 21. Nxd4 Be8 22. Bf3 Nf6 23. e5 Nd7 24. e6 fxe6 25. dxe6 Nb6 26. Bxb7 Rb8 27. Be4 c5 28. Nb3 Na6 29. Nxa5 Nxa4 30. Nxa4 Bxa4 31. Bb7 Bb5 32. Rfd1 Rfd8 33. e7 Re8 34. Bd5+ Kh8 35. Bc6 Bxc6 36. Nxc6 Ra8 37. Rd8 Kg8 38. Rxa8 Rxa8 39. Nd8 Nc7 40. Rxc5 Ne8 41. Rf5 Nf6 42. Rxf6 1-0

[Event "ITA-ch U20 80th"]
[Site "Chianciano Terme"]
[Date "2021.12.06"]
[Round "3"]
[White "Loiacono, Leonardo"]
[Black "Palozza, Christian"]
[Result "1-0"]
[WhiteElo "2295"]
[BlackElo "2275"]
[PlyCount "67"]
[EventDate "2021.12.04"]
[EventType "tourn"]
[EventRounds "7"]
[EventCountry "ITA"]
[EventCategory "1"]
[SourceTitle "CBM 205 Extra"]
[Source "ChessBase"]
[SourceDate "2022.01.31"]
[SourceVersion "1"]
[SourceVersionDate "2022.01.31"]
[SourceQuality "1"]

1. Nf3 Nf6 2. g3 d5 3. Bg2 e6 4. 0-0 Be7 5. c4 0-0 6. b3 b6 7. cxd5 Nxd5 8. Bb2 c5 9. d4 Bb7 10. Nbd2 Nf6 11. dxc5 Bxc5 12. Nc4 Nbd7 13. e3 Qe7 14. Nd4 Bxg2 15. Kxg2 Rac8 16. Qf3 Bxd4 17. exd4 b5 18. Ba3 b4 19. Bb2 Nb8 20. a3 Rfd8 21. axb4 Nc6 22. b5 Nxd4 23. Bxd4 Rxd4 24. Ne5 Qd6 25. Nc6 Rd5 26. Nxa7 Re8 27. Rfc1 e5 28. Rc8 h6 29. Rxe8+ Nxe8 30. Nc8 e4 31. Qxe4 Qe5 32. Qxe5 Rxe5 33. b6 Rb5 34. Ra8 1-0

[Event "ITA-ch U20 80th"]
[Site "Chianciano Terme"]
[Date "2021.12.05"]
[Round "2"]
[White "Palozza, Christian"]
[Black "Loiacono, Antonio"]
[Result "1-0"]
[WhiteElo "2275"]
[BlackElo "2363"]
[PlyCount "105"]
[EventDate "2021.12.04"]
[EventType "tourn"]
[EventRounds "7"]
[EventCountry "ITA"]
[EventCategory "1"]
[SourceTitle "CBM 205 Extra"]
[Source "ChessBase"]
[SourceDate "2022.01.31"]
[SourceVersion "1"]
[SourceVersionDate "2022.01.31"]
[SourceQuality "1"]

1. d4 d5 2. c4 dxc4 3. Nf3 Nf6 4. e3 a6 5. Bxc4 e6 6. 0-0 c5 7. b3 cxd4 8. Nxd4 Bd6 9. Bb2 e5 10. Nf3 Nc6 11. Ba3 Bxa3 12. Qxd8+ Kxd8 13. Nxa3 Ke7 14. Be2 Bg4 15. h3 Bxf3 16. Bxf3 e4 17. Be2 Rhd8 18. Nb1 Rac8 19. a3 Na5 20. b4 Nb3 21. Ra2 Nc1 22. Rb2 Nxe2+ 23. Rxe2 b5 24. a4 Rd3 25. axb5 axb5 26. Rb2 Ne8 27. Nd2 Nd6 28. Ra1 Nc4 29. Nxc4 bxc4 30. g4 c3 31. Rc2 Rd2 32. Rcc1 Rb2 33. Kf1 Rxb4 34. Ra3 c2 35. Ke2 Kf6 36. Ra6+ Kg5 37. Ra5+ Kh6 38. Kd2 Rbc4 39. Rd5 R8c6 40. Rd4 Kg5 41. Rd5+ Kg6 42. Ke2 R6c5 43. Rd2 h5 44. gxh5+ Kxh5 45. Kf1 Kh4 46. Kg2 f5 47. Rd7 Rb4 48. Rd2 Rb2 49. Ra1 g5 50. Ra6 g4 51. Rh6+ Kg5 52. Rdd6 gxh3+ 53. Kg3 1-0

[Event "ITA-ch sf 80th"]
[Site "Civitanova Marche"]
[Date "2021.07.20"]
[Round "4"]
[White "Gilevich, Artem"]
[Black "Palozza, Christian"]
[Result "1-0"]
[WhiteElo "2408"]
[BlackElo "2311"]
[PlyCount "155"]
[EventDate "2021.07.17"]
[EventType "swiss"]
[EventRounds "9"]
[EventCountry "ITA"]
[SourceTitle "CBM 203 Extra"]
[Source "ChessBase"]
[SourceDate "2021.09.30"]
[SourceVersion "1"]
[SourceVersionDate "2021.09.30"]
[SourceQuality "1"]

1. e4 e5 2. Nf3 Nc6 3. d4 exd4 4. Bc4 Bc5 5. Ng5 Nh6 6. Nxf7 Nxf7 7. Bxf7+ Kxf7 8. Qh5+ g6 9. Qxc5 d6 10. Qb5 Re8 11. 0-0 Qf6 12. Nd2 a6 13. Qd3 Be6 14. a3 d5 15. f3 Rad8 16. exd5 Bxd5 17. Ne4 Qf5 18. Bg5 Rb8 19. Rae1 Kg7 20. Bf6+ Kg8 21. Bxd4 Nxd4 22. Qxd4 Bxe4 23. fxe4 Qe5 24. Qd5+ Re6 25. h3 c6 26. Qb3 Kg7 27. Rf3 Re7 28. Qb6 Rc8 29. c3 Rcc7 30. Rd3 Rc8 31. a4 Rf8 32. b4 Rf4 33. Qd4 Kf6 34. a5 Qxd4+ 35. Rxd4 Ke5 36. Rf1 Rxf1+ 37. Kxf1 Kf4 38. Kf2 Rxe4 39. Rd7 Rc4 40. Rxh7 Rxc3 41. Rf7+ Kg5 42. Rxb7 c5 43. b5 axb5 44. Rxb5 Kf4 45. a6 Rc2+ 46. Kg1 Ra2 47. Rxc5 Rxa6 48. Kh2 Ra2 49. h4 Kg4 50. Rc4+ Kh5 51. Kh3 Ra3+ 52. g3 Rb3 53. Rc7 Kh6 54. Re7 Ra3 55. Rd7 Rb3 56. Kg4 Rb4+ 57. Kf3 Ra4 58. g4 Ra3+ 59. Ke4 Rh3 60. Kf4 Rxh4 61. Rd8 Kg7 62. Kg5 Rh1 63. Rd7+ Kf8 64. Kxg6 Ra1 65. g5 Ra6+ 66. Kh7 Ra5 67. Kh6 Ra1 68. Rd8+ Ke7 69. Rb8 Kf7 70. g6+ Kf6 71. Rf8+ Ke7 72. Kg7 Rg1 73. Rf2 Ke8 74. Re2+ Kd7 75. Kf7 Rf1+ 76. Kg8 Rg1 77. g7 Rg3 78. Re4 1-0

[Event "Cattolica Summer GM Mix"]
[Site "Cattolica"]
[Date "2021.05.23"]
[Round "5"]
[White "Toman, Jan"]
[Black "Palozza, Christian"]
[Result "1/2-1/2"]
[WhiteElo "2062"]
[BlackElo "2305"]
[PlyCount "42"]
[EventDate "2021.05.21"]
[EventType "swiss"]
[EventRounds "9"]
[EventCountry "ITA"]
[SourceTitle "CBM 202 Extra"]
[Source "ChessBase"]
[SourceDate "2021.07.31"]
[SourceVersion "1"]
[SourceVersionDate "2021.07.31"]
[SourceQuality "1"]

1. d4 Nf6 2. c4 e6 3. Nc3 Bb4 4. e3 b6 5. Nge2 Ne4 6. f3 Nxc3 7. bxc3 Bd6 8. e4 Nc6 9. Be3 Na5 10. Ng3 Bxg3+ 11. hxg3 d6 12. Bd3 Ba6 13. Qe2 Qd7 14. a4 Rc8 15. Kf2 c5 16. d5 Kd8 17. Rh5 Kc7 18. e5 g6 19. exd6+ Kb8 20. Rh4 e5 21. g4 f5 1/2-1/2

[Event "Bassano del Grappa Easter op-A 1st"]
[Site "Bassano del Grappa"]
[Date "2021.04.05"]
[Round "9"]
[White "Schreiner, Peter"]
[Black "Palozza, Christian"]
[Result "1/2-1/2"]
[WhiteElo "2458"]
[BlackElo "2263"]
[PlyCount "56"]
[EventDate "2021.04.01"]
[EventType "swiss"]
[EventRounds "9"]
[EventCountry "ITA"]
[SourceTitle "CBM 201 Extra"]
[Source "ChessBase"]
[SourceDate "2021.05.31"]
[SourceVersion "1"]
[SourceVersionDate "2021.05.31"]
[SourceQuality "1"]

1. d4 e6 2. c4 Nf6 3. Nf3 d5 4. g3 dxc4 5. Bg2 c6 6. Ne5 Bb4+ 7. Nc3 Nd5 8. Bd2 b5 9. 0-0 0-0 10. a4 a5 11. axb5 Bxc3 12. bxc3 cxb5 13. Qb1 f6 14. Ng4 Bd7 15. f4 Na6 16. f5 Nac7 17. e4 exf5 18. Nh6+ gxh6 19. exd5 Ra6 20. Bxh6 Re8 21. Bf4 Na8 22. Ra3 Nb6 23. Qc2 Nc8 24. Rfa1 a4 25. R3a2 Nd6 26. Bc1 Qe7 27. Ba3 Qe3+ 28. Kh1 Ne4 1/2-1/2

[Event "Bassano del Grappa Easter op-A 1st"]
[Site "Bassano del Grappa"]
[Date "2021.04.04"]
[Round "7"]
[White "Palozza, Christian"]
[Black "Basso, Pier Luigi"]
[Result "1/2-1/2"]
[WhiteElo "2263"]
[BlackElo "2552"]
[PlyCount "119"]
[EventDate "2021.04.01"]
[EventType "swiss"]
[EventRounds "9"]
[EventCountry "ITA"]
[SourceTitle "CBM 201 Extra"]
[Source "ChessBase"]
[SourceDate "2021.05.31"]
[SourceVersion "1"]
[SourceVersionDate "2021.05.31"]
[SourceQuality "1"]

1. d4 d5 2. c4 c6 3. Nf3 Nf6 4. Qc2 dxc4 5. Qxc4 Bg4 6. Nbd2 Nbd7 7. g3 e6 8. Bg2 Bd6 9. 0-0 0-0 10. Qb3 Nb6 11. a4 a5 12. Rd1 Bb4 13. Nc4 Nxc4 14. Qxc4 Qd5 15. Qxd5 exd5 16. Bd2 Rfe8 17. e3 Ra6 18. h3 Bxf3 19. Bxf3 Bxd2 20. Rxd2 Rb6 21. Bd1 Ne4 22. Re2 Kf8 23. Kg2 Ke7 24. Rc1 Kd6 25. h4 h5 26. b3 Rb4 27. Kf3 b6 28. Kg2 g6 29. Rec2 Rc8 30. g4 hxg4 31. Bxg4 Rc7 32. Bd1 c5 33. f3 Nf6 34. Kg3 Nh5+ 35. Kh3 Rxb3 36. Rxc5 bxc5 37. Bxb3 c4 38. Bc2 Re7 39. Re1 Nf4+ 40. Kg3 Ne6 41. Rb1 Kc6 42. Rb5 Ra7 43. f4 f5 44. h5 gxh5 45. Bxf5 Rg7+ 46. Kf2 Nc7 47. Rxa5 Rg8 48. Rc5+ Kd6 49. e4 dxe4 50. Bxe4 Rg4 51. Rxh5 Rxf4+ 52. Ke3 Rf1 53. Rh6+ Kd7 54. Rh1 Rf6 55. Rc1 Ne8 56. Rxc4 Nd6 57. Bc6+ Kc7 58. Rc5 Nf5+ 59. Kd3 Nxd4 60. Kxd4 1/2-1/2

[Event "Bassano del Grappa Easter op-A 1st"]
[Site "Bassano del Grappa"]
[Date "2021.04.04"]
[Round "8"]
[White "Palozza, Christian"]
[Black "Shetty, Atulya"]
[Result "0-1"]
[WhiteElo "2263"]
[BlackElo "2453"]
[PlyCount "104"]
[EventDate "2021.04.01"]
[EventType "swiss"]
[EventRounds "9"]
[EventCountry "ITA"]
[SourceTitle "CBM 201 Extra"]
[Source "ChessBase"]
[SourceDate "2021.05.31"]
[SourceVersion "1"]
[SourceVersionDate "2021.05.31"]
[SourceQuality "1"]

1. d4 d5 2. c4 c6 3. Nf3 Nf6 4. Qc2 dxc4 5. Qxc4 Bf5 6. g3 e6 7. Bg2 Be7 8. 0-0 0-0 9. Qb3 Qb6 10. Nbd2 Rd8 11. Nc4 Qa6 12. Bg5 h6 13. Bxf6 Bxf6 14. Rfd1 Be4 15. Nfe5 Bxg2 16. Kxg2 Nd7 17. e3 Bxe5 18. Nxe5 Nxe5 19. dxe5 c5 20. Rd6 Rxd6 21. exd6 Qxd6 22. Qxb7 Rb8 23. Rd1 Qxg3+ 24. hxg3 Rxb7 25. Rd8+ Kh7 26. b3 Rc7 27. Kf3 Kg6 28. Rd6 c4 29. bxc4 Rxc4 30. Ra6 Rc7 31. Ke4 Kf6 32. g4 Kg5 33. Kf3 f5 34. Rxe6 fxg4+ 35. Kg3 h5 36. Re5+ Kh6 37. Re6+ Kg5 38. Re5+ Kh6 39. Re6+ g6 40. Ra6 Rf7 41. a4 Kg5 42. Ra5+ Rf5 43. Rxa7 h4+ 44. Kg2 h3+ 45. Kg1 g3 46. fxg3 Kg4 47. Rb7 Kxg3 48. Rb1 g5 49. Ra1 g4 50. e4 Rf3 51. a5 h2+ 52. Kh1 Kh3 0-1

[Event "Bassano del Grappa Vergani Cup 5th"]
[Site "Bassano del Grappa"]
[Date "2020.12.29"]
[Round "7"]
[White "Dionisi, Thomas"]
[Black "Palozza, Christian"]
[Result "1-0"]
[WhiteElo "2418"]
[BlackElo "2265"]
[PlyCount "55"]
[EventDate "2020.12.26"]
[EventType "swiss"]
[EventRounds "9"]
[EventCountry "ITA"]
[SourceTitle "CBM 200 Extra"]
[Source "ChessBase"]
[SourceDate "2021.03.31"]
[SourceVersion "1"]
[SourceVersionDate "2021.03.31"]
[SourceQuality "1"]

1. e4 c6 2. d4 d5 3. Nc3 dxe4 4. Nxe4 Nf6 5. Nxf6+ exf6 6. c3 Bd6 7. Bd3 0-0 8. Qc2 Re8+ 9. Ne2 h5 10. 0-0 h4 11. Be3 h3 12. g3 Nd7 13. Rfe1 Nf8 14. c4 Qa5 15. c5 Bb8 16. Nc3 Qd8 17. Be4 g6 18. d5 cxd5 19. Nxd5 Kg7 20. Rad1 Qa5 21. b4 Qa6 22. Bd4 Nh7 23. Bxg6 Rxe1+ 24. Rxe1 fxg6 25. Re7+ Kh6 26. Be3+ Ng5 27. Bxg5+ fxg5 28. Qc3 1-0

[Event "ITA-ch Online U20 Qual GpB"]
[Site "Premium Chess Arena INT"]
[Date "2020.11.20"]
[Round "6.4"]
[White "Carlo, Emanuele"]
[Black "Palozza, Christian"]
[Result "0-1"]
[WhiteElo "2288"]
[BlackElo "2265"]
[PlyCount "52"]
[EventDate "2020.11.18"]
[EventType "tourn (rapid)"]
[EventRounds "7"]
[EventCountry "ITA"]
[SourceTitle "CBM 199 Extra"]
[Source "ChessBase"]
[SourceDate "2021.01.31"]
[SourceVersion "1"]
[SourceVersionDate "2021.01.31"]
[SourceQuality "1"]

1. e4 c6 2. Nf3 d5 3. Nc3 dxe4 4. Nxe4 Nf6 5. Qe2 Nxe4 6. Qxe4 Nd7 7. Bc4 Nf6 8. Ne5 e6 9. Qe2 b5 10. Bb3 Qc7 11. 0-0 Bd6 12. d4 0-0 13. Bf4 a5 14. a3 c5 15. dxc5 Qxc5 16. Rad1 Bc7 17. Qf3 Rb8 18. Nc6 Bxf4 19. Qxf4 Ra8 20. Qc7 Kh8 21. Rd8 Bd7 22. Rxd7 Rac8 23. Qb7 Nxd7 24. Nxa5 Nf6 25. Qf3 Qb6 26. Nb7 Rb8 0-1

[Event "ITA-ch Online U20 Qual GpB"]
[Site "Premium Chess Arena INT"]
[Date "2020.11.20"]
[Round "7.1"]
[White "Palozza, Christian"]
[Black "Bin Suhayl, Ieysaa"]
[Result "1-0"]
[WhiteElo "2265"]
[BlackElo "2193"]
[PlyCount "83"]
[EventDate "2020.11.18"]
[EventType "tourn (rapid)"]
[EventRounds "7"]
[EventCountry "ITA"]
[SourceTitle "CBM 199 Extra"]
[Source "ChessBase"]
[SourceDate "2021.01.31"]
[SourceVersion "1"]
[SourceVersionDate "2021.01.31"]
[SourceQuality "1"]

1. d4 Nf6 2. c4 e6 3. Nf3 b6 4. g3 Ba6 5. b3 Bb4+ 6. Bd2 Be7 7. Bg2 c6 8. 0-0 0-0 9. Bc3 d5 10. Nbd2 Nbd7 11. Re1 c5 12. e4 dxe4 13. Nxe4 Bb7 14. Nfd2 Nxe4 15. Nxe4 Qc7 16. d5 exd5 17. cxd5 Bd6 18. Qg4 Ne5 19. Nf6+ Kh8 20. Bxe5 Bxe5 21. Nxh7 Kxh7 22. Qh5+ Kg8 23. Rxe5 Rae8 24. Rae1 Rxe5 25. Rxe5 Qd6 26. f4 Qf6 27. Qe2 Rd8 28. Re8+ Rxe8 29. Qxe8+ Kh7 30. Be4+ g6 31. Qe5 Qd8 32. h4 b5 33. h5 Kh6 34. hxg6 fxg6 35. Qe6 Qb6 36. Qxb6 axb6 37. d6 Bc8 38. Bc6 c4 39. Kf2 c3 40. Ke1 Bg4 41. d7 c2 42. Kd2 1-0

[Event "ITA-ch Online U20 Qual GpB"]
[Site "Premium Chess Arena INT"]
[Date "2020.11.19"]
[Round "4.3"]
[White "Bettalli, Francesco"]
[Black "Palozza, Christian"]
[Result "0-1"]
[WhiteElo "2232"]
[BlackElo "2265"]
[PlyCount "82"]
[EventDate "2020.11.18"]
[EventType "tourn (rapid)"]
[EventRounds "7"]
[EventCountry "ITA"]
[SourceTitle "CBM 199 Extra"]
[Source "ChessBase"]
[SourceDate "2021.01.31"]
[SourceVersion "1"]
[SourceVersionDate "2021.01.31"]
[SourceQuality "1"]

1. e4 c6 2. d4 d5 3. e5 c5 4. dxc5 e6 5. a3 Bxc5 6. b4 Be7 7. Bb2 Nd7 8. Nf3 a5 9. b5 Qc7 10. Nbd2 f6 11. exf6 Bxf6 12. Bxf6 Ngxf6 13. c4 0-0 14. Rc1 Qd6 15. Qb3 b6 16. cxd5 exd5 17. Be2 Nc5 18. Qc3 Re8 19. Nd4 Ne6 20. N2f3 Nf4 21. Kf1 Bd7 22. Qd2 Nxe2 23. Nxe2 Bxb5 24. Nfd4 Bxe2+ 25. Nxe2 Qxa3 26. f3 Rac8 27. Kf2 Rxc1 28. Rxc1 Qf8 29. Kg1 Qd6 30. Nd4 Qd7 31. Qd3 Ra8 32. Nb5 Rc8 33. Rb1 Qc6 34. Nd4 Qc5 35. Rb5 Qc1+ 36. Kf2 Qc7 37. Qb3 Qxh2 38. Nf5 Qe5 39. g4 g6 40. Ng3 Rc1 41. Qd1 Rxd1 0-1

[Event "ITA-ch Online U20 Qual GpB"]
[Site "Premium Chess Arena INT"]
[Date "2020.11.19"]
[Round "5.2"]
[White "Palozza, Christian"]
[Black "Loiacono, Antonio"]
[Result "1/2-1/2"]
[WhiteElo "2265"]
[BlackElo "2304"]
[PlyCount "44"]
[EventDate "2020.11.18"]
[EventType "tourn (rapid)"]
[EventRounds "7"]
[EventCountry "ITA"]
[SourceTitle "CBM 199 Extra"]
[Source "ChessBase"]
[SourceDate "2021.01.31"]
[SourceVersion "1"]
[SourceVersionDate "2021.01.31"]
[SourceQuality "1"]

1. d4 Nf6 2. c4 c5 3. d5 e5 4. Nc3 d6 5. g3 g6 6. Bg2 Bg7 7. e4 0-0 8. Nf3 b5 9. cxb5 a6 10. b6 Qxb6 11. 0-0 a5 12. Nd2 Ba6 13. Re1 c4 14. a4 Nbd7 15. Bf1 Rfc8 16. Ndb1 Nc5 17. Na3 Nb3 18. Rb1 Qb4 19. Nc2 Qb7 20. Na3 Qb4 21. Nc2 Qb7 22. Na3 Qb4 1/2-1/2

[Event "ITA-ch Online U20 Qual GpB"]
[Site "Premium Chess Arena INT"]
[Date "2020.11.18"]
[Round "1.4"]
[White "Palozza, Christian"]
[Black "Carnicelli, Valerio"]
[Result "0-1"]
[WhiteElo "2265"]
[BlackElo "2235"]
[PlyCount "114"]
[EventDate "2020.11.18"]
[EventType "tourn (rapid)"]
[EventRounds "7"]
[EventCountry "ITA"]
[SourceTitle "CBM 199 Extra"]
[Source "ChessBase"]
[SourceDate "2021.01.31"]
[SourceVersion "1"]
[SourceVersionDate "2021.01.31"]
[SourceQuality "1"]

1. d4 d5 2. c4 c6 3. Nf3 Nf6 4. Qc2 dxc4 5. Qxc4 Bg4 6. Nc3 Bxf3 7. gxf3 e6 8. e4 Nbd7 9. Be3 Be7 10. Be2 0-0 11. 0-0-0 b5 12. Qb3 Rc8 13. Kb1 a5 14. Rhg1 Kh8 15. Rg3 Re8 16. Rdg1 Bf8 17. e5 Nd5 18. Nxd5 a4 19. Qd3 cxd5 20. h4 b4 21. h5 f5 22. exf6 Qxf6 23. Qd1 b3 24. a3 Nb6 25. Bd3 Nc4 26. Bc1 Qxd4 27. h6 g6 28. Rg4 Nxa3+ 29. bxa3 Rxc1+ 30. Kxc1 Bxa3+ 31. Kd2 Qb2+ 32. Ke1 Bc5 33. Be2 a3 34. Kf1 a2 35. Kg2 Qc3 36. Ra4 Rf8 37. Qd3 Qb2 38. Rd1 Rb8 39. Ra5 Be7 40. Ra7 Bf6 41. f4 Qc3 42. Qa6 Qc5 43. Rb7 Qc8 44. Rxb8 Qxb8 45. Qxe6 a1Q 46. Rxa1 Bxa1 47. Bd3 Bc3 48. Qxd5 b2 49. f5 gxf5 50. Qxf5 Qg8+ 51. Kf1 Bd4 52. Qe4 Bc3 53. Ke2 Bf6 54. Qf5 Bc3 55. f4 Qg2+ 56. Ke3 Qg3+ 57. Ke4 Qxd3+ 0-1

[Event "ITA-ch Online U20 Qual GpB"]
[Site "Premium Chess Arena INT"]
[Date "2020.11.18"]
[Round "3.3"]
[White "Palozza, Christian"]
[Black "Loiacono, Leonardo"]
[Result "0-1"]
[WhiteElo "2265"]
[BlackElo "2255"]
[PlyCount "70"]
[EventDate "2020.11.18"]
[EventType "tourn (rapid)"]
[EventRounds "7"]
[EventCountry "ITA"]
[SourceTitle "CBM 199 Extra"]
[Source "ChessBase"]
[SourceDate "2021.01.31"]
[SourceVersion "1"]
[SourceVersionDate "2021.01.31"]
[SourceQuality "1"]

1. d4 Nf6 2. c4 g6 3. Nf3 Bg7 4. g3 0-0 5. Bg2 c5 6. d5 e6 7. Nc3 exd5 8. cxd5 d6 9. 0-0 Re8 10. Re1 Nbd7 11. Bf4 Bf8 12. e4 Ne5 13. Nxe5 dxe5 14. Bg5 h6 15. Be3 a6 16. a4 b6 17. h3 Rb8 18. f4 Bd6 19. Qf3 Kg7 20. Rf1 Qe7 21. Kh2 b5 22. axb5 axb5 23. Ra5 exf4 24. gxf4 b4 25. e5 bxc3 26. bxc3 Nh5 27. Bd2 Qd8 28. c4 Bf8 29. Bc3 Kg8 30. Ra7 Re7 31. Raa1 Bf5 32. Qe3 Re8 33. Qd2 Rb3 34. Bf3 Qh4 35. Bg2 Qg3+ 0-1

[Event "Cattolica op 7th"]
[Site "Cattolica"]
[Date "2020.09.05"]
[Round "6"]
[White "Kasioumis, Vasilios"]
[Black "Palozza, Christian"]
[Result "1-0"]
[WhiteElo "2257"]
[BlackElo "2221"]
[PlyCount "91"]
[EventDate "2020.08.31"]
[EventType "swiss"]
[EventRounds "9"]
[EventCountry "ITA"]
[SourceTitle "EXT 2021"]
[Source "ChessBase"]
[SourceDate "2020.10.23"]
[SourceVersion "1"]
[SourceVersionDate "2020.10.23"]
[SourceQuality "1"]

1. e4 c6 2. Nf3 d5 3. d3 dxe4 4. dxe4 Qxd1+ 5. Kxd1 Bg4 6. Be2 Nd7 7. Ne1 Bxe2+ 8. Kxe2 e5 9. f3 Bd6 10. a4 a5 11. Nd2 Bc7 12. Nd3 h5 13. Nc4 f6 14. Be3 Nh6 15. Ra3 b5 16. axb5 cxb5 17. Nd2 Nf7 18. c4 Ke7 19. Rha1 Nd6 20. c5 Nf7 21. Nb4 Ke6 22. Nd5 Rhc8 23. Nxc7+ Rxc7 24. Rxa5 Rxa5 25. Rxa5 Nxc5 26. Rxb5 Nd7 27. Ra5 Nd6 28. Ra1 f5 29. Kd3 Rb7 30. b3 f4 31. Bf2 g5 32. Ra6 Nb8 33. Rb6 Rxb6 34. Bxb6 Nc6 35. Bc5 Nb7 36. Kc4 g4 37. b4 g3 38. hxg3 fxg3 39. Be3 h4 40. b5 Nd6+ 41. Kc5 h3 42. gxh3 Nd4 43. b6 Ne2 44. Nc4 Ne8 45. b7 Nc7 46. Kb6 1-0